LDR 00959naa#a2200181#i#450# 001 RU\\bibl\123387 005 20260705154926.7 011 ## _a1994-4683 100 ## _a20230731b2023####ek#y0rusy0150####ca 102 ## _aRU 200 1# _aОЦЕНКА ЭФФЕКТИВНОСТИ КОМПЛЕКСОВ УПРАЖНЕНИЙ ПО РАЗВИТИЮ СКОРОСТНО-СИЛОВЫХ СПОСОБНОСТЕЙ У ПЛОВЦОВ _eЖурнальная статья 210 1# _aМосква _cНациональный государственный Университет физической культуры, спорта и здоровья им. П.Ф. Лесгафта _d2023 215 ## _a6 с. 608 ## _aЖурнальная статья _2local 675 ## _aВольный стиль. Кроль, например,. 797.212.4 _z 700 #1 _aИвченко _gЕлена Викторовна 700 #1 _aФедоров _gПавел Олегович 856 4# _auchzapiski.lesgaft.spb.ru _u